000 00630nam a2200193Ia 4500
008 240729s9999 xx 000 0 und d
022 _a2083-4535
245 0 _aJournal of Water and Land Development
260 _aPoland
260 _bPolish Academy of Sciences
650 _a Hydraulic engineering
650 _a Hydraulic engineering
650 _a Irrigation engineering. Reclamation of wasteland. Drainage
650 _a River, lake, and water-supply engineering (General) | Technology
650 _aTechnology
856 _uhttps://doaj.org/toc/cf23a02640b3404aba85b88be8418fee
942 _2ddc
942 _cDOAJEJ
999 _c69694
_d69694
945 _a1
_bMadushi Gamage
_c1
_dMadushi Gamage